| 000 | 01098cam a2200337Ii 4500 | ||
|---|---|---|---|
| 999 |
_c8091 _d8091 |
||
| 001 | 867773 | ||
| 003 | OSt | ||
| 005 | 20190916125248.0 | ||
| 008 | 151113s2016 nl 000 0 eng d | ||
| 020 |
_a9789351480839 _qHB |
||
| 020 |
_a9351480836 _qHB |
||
| 020 |
_a9789351480846 _qPB |
||
| 020 |
_a9351480844 _qPB |
||
| 035 | _a(OCoLC)ocn929036721 | ||
| 035 | _a867773 | ||
| 040 |
_aAUU _beng _erda _cAUU _dOCLCO _dPTS |
||
| 049 | _aPTSS | ||
| 082 |
_a230.09 _b K96V |
||
| 090 |
_aBT825 _b.V54 2016 |
||
| 245 | 0 | 4 |
_aThe vision of a new church and a new society : _ba scholarly assessment of Dr. Samuel Rayan's contribution to Indian Christian theology / _cedited by Kurien Kunnumpuram, SJ. |
| 264 |
_aNew Delhi : _bChristian World Imprints, _c2016 |
||
| 300 |
_axix, 423 pages ; _c23 cm |
||
| 336 |
_atext _btxt _2rdacontent |
||
| 337 |
_aunmediated _bn _2rdamedia |
||
| 338 |
_avolume _bnc _2rdacarrier |
||
| 600 | 1 | 0 |
_aRayan, Samuel _xCongresses. |
| 650 | 0 |
_aTheology _zIndia _vCongresses. |
|
| 650 | 0 |
_aMission of the church _zIndia _vCongresses. |
|
| 942 |
_2ddc _cBK |
||
| 945 | _aMARCIVE20181205 | ||